000
00267nam a2200133Ia 4500
008
190216s9999||||xx |||||||||||||| ||und||
100
_a
Murukesan. R
245
0
_a
Sound
250
_a
1st Ed.
260
_b
Null
300
_a
137
650
_a
Physics
942
_c
BK
999
_c
33082
_d
33082